[Event "Titled Tue 1st Jul Early"]
[Site "chess.com INT"]
[Date "2025.07.01"]
[Round "2"]
[White "Hrebenshchykova, Yelyzaveta"]
[Black "Skliarov, Viktor"]
[Result "1/2-1/2"]
[WhiteTitle "WIM"]
[BlackTitle "IM"]
[WhiteElo "2265"]
[BlackElo "2334"]
[WhiteFideId "14159899"]
[BlackFideId "14106736"]
[EventDate "2025.07.01"]

1. e4 c5 2. Nf3 Nc6 3. d4 cxd4 4. Nxd4 Nf6 5. Nc3 e5 6. Ndb5 d6 7. Bg5 a6 8. Na3
b5 9. Nd5 Be7 10. Bxf6 Bxf6 11. c4 b4 12. Nc2 a5 13. g3 Bg5 14. Bg2 O-O 15. O-O
Be6 16. f4 Bh6 17. Nde3 Qb6 18. Qd3 a4 19. b3 Ra5 20. f5 Bc8 21. f6 g6 22. Kh1
Nd4 23. Nd5 Qa7 24. Nxd4 Qxd4 25. Qxd4 exd4 26. Nxb4 Bd7 27. Nd5 axb3 28. axb3
Rfa8 29. Rad1 Ra3 30. Nb6 Bg4 31. Rxd4 Rb8 32. Rxd6 Rxb3 33. c5 Bf8 34. Rc6 Bxc5
35. Rxc5 R3xb6 36. e5 h6 37. Rfc1 Rb5 38. Bd5 Bh3 39. Kg1 Rxc5 40. Rxc5 Rb1+ 41.
Kf2 Rb2+ 42. Ke3 Rxh2 43. Rc7 Rb2 44. Bxf7+ Kf8 45. Bxg6 Rb3+ 46. Kd2 Rxg3 47.
Rf7+ Kg8 48. Rg7+ Kf8 49. Rf7+ Kg8 50. Rg7+ Kf8 51. Ke2 h5 52. Bxh5 Rxg7 53.
fxg7+ Kxg7 54. Ke3 Kf8 55. Kf4 Ke7 56. Bg4 Bxg4 57. Kxg4 Ke6 58. Kf4 Ke7 59. Kf5
Kf7 60. e6+ Ke7 61. Ke5 Ke8 62. Kf6 Kf8 63. e7+ Ke8 64. Ke6 1/2-1/2

[Event "Titled Tue 1st Jul Early"]
[Site "chess.com INT"]
[Date "2025.07.01"]
[Round "2"]
[White "Sarasketa Irastortza, Oier"]
[Black "Vlassov, Nikolai"]
[Result "1-0"]
[WhiteTitle "CM"]
[BlackTitle "IM"]
[WhiteElo "2140"]
[BlackElo "2291"]
[WhiteFideId "54728207"]
[BlackFideId "4103360"]
[EventDate "2025.07.01"]

1. d4 Nf6 2. c4 Nc6 3. Nf3 e6 4. a3 g6 5. g3 Bg7 6. Bg2 O-O 7. Nc3 d5 8. O-O
dxc4 9. e4 a6 10. Be3 b5 11. Qc2 Bb7 12. Rad1 Ng4 13. Bg5 f6 14. Bc1 Na5 15. h3
Nh6 16. d5 e5 17. Be3 Nf7 18. h4 Bc8 19. a4 Rb8 20. axb5 axb5 21. Kh2 Nh6 22.
Bxh6 Bxh6 23. Bh3 Bxh3 24. Kxh3 Nb3 25. g4 Bf4 26. Ne2 Qd7 27. Rg1 Kh8 28. Nxf4
exf4 29. Nd4 Nxd4 30. Rxd4 Rbe8 31. f3 Re5 32. b3 cxb3 33. Qxb3 h5 34. Qc3 Rfe8
35. Kh2 hxg4 36. Rxg4 g5 37. hxg5 fxg5 38. Rd1 Re7 39. Rxg5 Qd6 40. Kg2 Rg7 41.
Rh1+ Kg8 42. Rxg7+ Kxg7 43. Kf2 Kf7 44. Rh7+ Kg6 45. Rh8 Qb6+ 46. Ke2 Qf6 47.
Rh2 Rg5 48. Qxf6+ Kxf6 49. Kd3 Ke5 50. Rb2 Rg3 51. Rf2 Rh3 52. Kc3 1-0

[Event "Titled Tue 1st Jul Early"]
[Site "chess.com INT"]
[Date "2025.07.01"]
[Round "2"]
[White "Khalafvand, Dorsa Sadat"]
[Black "Shogdzhiev, Roman"]
[Result "0-1"]
[WhiteTitle "WCM"]
[BlackTitle "FM"]
[WhiteElo "1985"]
[BlackElo "2411"]
[WhiteFideId "36767522"]
[BlackFideId "55653537"]
[EventDate "2025.07.01"]

1. c4 c6 2. d4 d5 3. cxd5 cxd5 4. Bf4 Nf6 5. Nc3 Nc6 6. e3 Bg4 7. Qb3 Na5 8.
Qa4+ Bd7 9. Qc2 Rc8 10. Bd3 e6 11. Nf3 Be7 12. O-O O-O 13. Ne5 Nc4 14. Bxc4 dxc4
15. b3 b5 16. bxc4 bxc4 17. Na4 Nd5 18. Rfc1 Nxf4 19. exf4 Bxa4 20. Qxa4 Qxd4
21. Nc6 Qd6 22. Rxc4 Bf6 23. Rac1 Kh8 24. g3 a6 25. R4c2 Qd5 26. Qxa6 Ra8 27.
Qe2 Ra4 28. Rb1 g6 29. Qb5 Qxb5 30. Rxb5 Rfa8 31. Rb7 Kg7 32. Rd2 Rxa2 33. Rdd7
Rf8 34. g4 h6 35. g5 hxg5 36. fxg5 Bxg5 37. Ne5 Bh4 38. Rxf7+ Rxf7 39. Rxf7+ Kh6
40. Rf8 Re2 41. f4 g5 42. Rf6+ Kg7 43. Rxe6 gxf4 44. Kf1 Re1+ 45. Kg2 Bf6 46.
Kf2 Rxe5 47. Ra6 Kg6 48. Kf3 Kf5 49. h4 Re3+ 50. Kf2 Bxh4+ 51. Kg2 Kg4 52. Rg6+
Bg5 53. Kf2 Ra3 54. Ke2 Ra2+ 55. Kf1 Kf3 56. Kg1 Bh4 57. Rg8 Ra1+ 58. Kh2 Bg3+ 0-1

[Event "Titled Tue 1st Jul Early"]
[Site "chess.com INT"]
[Date "2025.07.01"]
[Round "2"]
[White "Mohan, Dave"]
[Black "Harriott, Tyrell"]
[Result "1-0"]
[WhiteElo "2018"]
[BlackElo "1933"]
[WhiteFideId "30909775"]
[BlackFideId "2086484"]
[EventDate "2025.07.01"]

1. d4 e6 2. Nf3 d5 3. e3 c5 4. c3 Nc6 5. Bd3 f5 6. Nbd2 Nf6 7. O-O Bd6 8. dxc5
Bxc5 9. c4 O-O 10. cxd5 Nxd5 11. Nb3 Bd6 12. Bc4 Kh8 13. Bxd5 exd5 14. Bd2 Ne5
15. Bc3 Nc4 16. Qd4 Rf7 17. Rad1 Be6 18. Nc5 Bxc5 19. Qxc5 Nd6 20. Be5 Ne4 21.
Qd4 h6 22. Rc1 Kh7 23. Ne1 Qg5 24. f3 Nf6 25. Nd3 Nh5 26. Rc3 Raf8 27. Rfc1 Qg6
28. Bd6 Re8 29. Ne5 Qf6 30. Nxf7 Qxf7 31. Rc7 Qg6 32. Be5 f4 33. exf4 Bh3 34. g3
Nxg3 35. Rxg7+ Qxg7 36. Bxg7 Ne2+ 37. Kf2 Nxd4 38. Bxd4 Bf5 39. Rc7+ Kg6 40.
Rxb7 a6 41. Rg7+ Kh5 42. Rf7 Bd3 43. Rd7 Re2+ 44. Kg3 Bc4 45. b3 Bd3 46. Rxd5+
Kg6 47. Be5 Bf5 48. Rd6+ Kh5 49. Bg7 Bg6 50. Rd5+ Bf5 51. Rxf5+ Kg6 52. Rf6+
Kxg7 53. Rxa6 Re1 54. f5 Rg1+ 55. Kf4 Rh1 56. Ra7+ Kf6 57. Ra6+ Kg7 58. Kg3 Rg1+
59. Kf2 Rh1 60. Kg2 Rc1 61. b4 Rc2+ 62. Kg3 Rd2 63. b5 Rc2 64. a4 Rb2 65. b6 Kh7
66. a5 Kg7 67. Ra7+ Kf6 68. b7 Kxf5 69. a6 h5 70. Ra8 Kg5 71. h4+ Kf5 72. Rf8+
Ke5 73. b8=Q+ Kd4 74. Qxb2+ Ke3 75. Re8+ Kd3 76. Rd8+ Kc4 77. Qc2+ Kb5 78. Rb8+
Kxa6 79. Qa4# 1-0

[Event "Titled Tue 1st Jul Early"]
[Site "chess.com INT"]
[Date "2025.07.01"]
[Round "2"]
[White "Yang, Larry"]
[Black "Povshednyi, Ivan"]
[Result "0-1"]
[BlackTitle "FM"]
[WhiteElo "2017"]
[BlackElo "2307"]
[WhiteFideId "2637618"]
[BlackFideId "14190907"]
[EventDate "2025.07.01"]

1. e4 c5 2. Nf3 d6 3. Bb5+ Nd7 4. O-O a6 5. Be2 Ngf6 6. d3 g6 7. a4 b6 8. Nfd2
Bg7 9. f4 Bb7 10. Bf3 O-O 11. Qe1 Qc7 12. g4 Nb8 13. g5 Nfd7 14. Nc3 e6 15. Ne2
d5 16. e5 Nc6 17. Ng3 Nd4 18. Bd1 Nf5 19. Nxf5 exf5 20. Bf3 d4 21. Qf2 b5 22. a5
Rfe8 23. Qg2 Rab8 24. Nb3 Bxf3 25. Qxf3 Nf8 26. Qd5 Ne6 27. Kg2 Red8 28. Qf3 c4
29. Nd2 Rbc8 30. dxc4 bxc4 31. Ra4 Nxf4+ 32. Kg1 Ne6 33. Rxc4 Qxe5 34. b3 Qxa5
35. Rxc8 Rxc8 36. Nc4 Qc3 37. Qb7 Rf8 38. Ba3 Qxc2 39. Bxf8 Bxf8 40. Ne5 Nxg5
41. h4 Nh3+ 42. Kh1 Qe4+ 43. Qxe4 fxe4 44. Rxf7 d3 45. Rd7 Nf4 46. Rd8 Kg7 47.
Nc4 Ne2 48. Kg2 Bc5 49. Rd7+ Kf6 50. Kf1 Ng3+ 51. Ke1 Bb4+ 52. Kd1 Kf5 53. Rf7+
Kg4 54. Rxh7 Kf3 55. Rf7+ Nf5 56. h5 e3 57. hxg6 e2+ 58. Kc1 e1=Q+ 59. Kb2 Qe2+
60. Kb1 Qc2+ 61. Ka1 Bc3+ 62. Nb2 Qxb2# 0-1

[Event "Titled Tue 1st Jul Early"]
[Site "chess.com INT"]
[Date "2025.07.01"]
[Round "2"]
[White "Bologan, Victor"]
[Black "Huschenbeth, Niclas"]
[Result "1-0"]
[WhiteTitle "GM"]
[BlackTitle "GM"]
[WhiteElo "2601"]
[BlackElo "2591"]
[WhiteFideId "13900048"]
[BlackFideId "24604747"]
[EventDate "2025.07.01"]

1. e4 c5 2. Nf3 d6 3. d4 cxd4 4. Nxd4 Nf6 5. Nc3 a6 6. Be3 Ng4 7. Bg5 h6 8. Bc1
Nf6 9. Bd3 Nc6 10. Nxc6 bxc6 11. O-O e5 12. f4 exf4 13. Bxf4 Be7 14. Kh1 O-O 15.
Qf3 Ng4 16. h3 Ne5 17. Bxe5 dxe5 18. Bc4 Bf6 19. Rad1 Qe7 20. Na4 Rb8 21. b3 a5
22. Rd3 Kh7 23. Qe3 g6 24. Nb6 Bg5 25. Nxc8 Rbxc8 26. Qb6 f5 27. Rfd1 Rfd8 28.
Qxa5 fxe4 29. Rxd8 Rxd8 30. Rxd8 Qxd8 31. Qxd8 Bxd8 32. Kg1 Bb6+ 33. Kf1 Kg7 34.
Ke2 Kf6 35. Ba6 Ke6 36. Bb7 Kd6 37. c3 g5 38. a4 Ba7 39. b4 Bb6 40. a5 Bg1 41.
c4 Bd4 42. b5 cxb5 43. cxb5 Bc3 44. a6 Bd4 45. Bxe4 h5 46. Kf3 Ke6 47. Bc6 h4
48. Kg4 Kf6 49. Be4 Be3 50. Kf3 Bg1 51. Bd5 Bc5 52. Ke4 Bf2 53. Kd3 Bg1 54. Bf3
Ke7 55. Ke4 Ke6 56. Bg4+ Kd6 57. Kf5 Be3 58. Bf3 Kc5 59. a7 Kxb5 60. a8=Q 1-0

[Event "Titled Tue 1st Jul Early"]
[Site "chess.com INT"]
[Date "2025.07.01"]
[Round "2"]
[White "Skarbarchuk, Tetyana"]
[Black "Nazin, Roman"]
[Result "1-0"]
[BlackTitle "CM"]
[WhiteElo "2096"]
[BlackElo "2250"]
[WhiteFideId "14184494"]
[BlackFideId "4137167"]
[EventDate "2025.07.01"]

1. Nf3 d5 2. Ng1 Nf6 3. Nf3 c6 4. b3 Bg4 5. e3 Nbd7 6. d4 e6 7. Bd3 Bd6 8. h3
Bh5 9. O-O O-O 10. c4 e5 11. Be2 exd4 12. Nxd4 Bg6 13. Bb2 Qe7 14. Nd2 Rad8 15.
N2f3 Nc5 16. b4 Nce4 17. c5 Bb8 18. Qb3 h6 19. Rac1 a6 20. a4 Rfe8 21. Ba3 Qc7
22. b5 axb5 23. axb5 Nd2 24. b6 Nxb3 25. bxc7 Nxc1 26. cxd8=Q Nxe2+ 27. Nxe2
Rxd8 28. Ned4 Ne4 29. Rb1 Nxc5 30. Rb2 Nd3 31. Rxb7 Bd6 32. Nxc6 Bxa3 33. Nxd8
Nc5 34. Rb8 Kh7 35. Ra8 Bb4 36. Nc6 Nd3 37. Nxb4 Nxb4 38. Ne5 f6 39. Nxg6 Kxg6
40. Rb8 Nd3 41. Rb5 Ne5 42. Rxd5 Kf5 43. f4 Ke4 44. Rd4+ Kxe3 45. Ra4 Nd3 46. g3
h5 47. Ra3 g6 48. Kg2 Ke4 49. Ra4+ Kf5 50. Rd4 Nb2 51. Rb4 Nd3 52. Rb5+ Ke6 53.
Rb6+ Kf7 54. Kf3 Nc5 55. Rc6 1-0

[Event "Titled Tue 1st Jul Early"]
[Site "chess.com INT"]
[Date "2025.07.01"]
[Round "2"]
[White "Elsness, Frode"]
[Black "Demchenko, Yaroslav"]
[Result "0-1"]
[WhiteTitle "IM"]
[BlackTitle "CM"]
[WhiteElo "2412"]
[BlackElo "2217"]
[WhiteFideId "1501100"]
[BlackFideId "14186667"]
[EventDate "2025.07.01"]

1. e4 e6 2. d4 d5 3. exd5 exd5 4. Bf4 Nf6 5. Qd2 Bd6 6. Nc3 O-O 7. O-O-O c6 8.
f3 b5 9. h4 b4 10. Na4 Nh5 11. Bxd6 Qxd6 12. Ne2 Ba6 13. g4 Bxe2 14. Bxe2 Ng3
15. Rhg1 Nxe2+ 16. Qxe2 Nd7 17. Kb1 Rfe8 18. Qd2 Re6 19. g5 Rae8 20. h5 Nb6 21.
Nc5 Nc4 22. Qd3 Re3 23. Qf5 g6 24. hxg6 fxg6 25. Qd7 Qxd7 26. Nxd7 R8e7 27. Nf6+
Kh8 28. Rgf1 Kg7 29. b3 Na3+ 30. Kb2 Re2 31. Rc1 Rh2 32. Ng4 Rg2 33. Ne5 c5 34.
Nd3 Ree2 35. dxc5 Rxc2+ 36. Rxc2 Rxc2+ 37. Ka1 a5 38. Rc1 Kf7 39. Rxc2 Nxc2+ 40.
Kb2 Nd4 41. Ne1 Ke6 42. f4 Kd7 43. Nd3 Kc6 44. Kc1 Kb5 45. Kd2 a4 46. bxa4+ Kxa4
47. Ke3 Nb5 48. c6 Ka3 49. f5 gxf5 50. Kf4 b3 51. axb3 Kxb3 52. Kxf5 Kc4 53.
Ne5+ Kc5 54. Ke6 d4 55. Kd7 Kd5 56. Nd3 Kc4 57. Nf4 d3 58. Nxd3 Kxd3 59. c7 Na7
60. c8=Q Nxc8 61. Kxc8 Ke4 62. Kd7 Kf5 63. Kd6 Kxg5 64. Ke5 h6 65. Ke4 Kg4 66.
Ke3 Kg3 67. Ke2 Kg2 68. Ke3 h5 69. Kf4 h4 70. Kg4 h3 0-1

[Event "Titled Tue 1st Jul Early"]
[Site "chess.com INT"]
[Date "2025.07.01"]
[Round "2"]
[White "Karvatskyi, Oleksii"]
[Black "Goltsev, Dmitry"]
[Result "1-0"]
[WhiteTitle "CM"]
[BlackTitle "FM"]
[WhiteElo "2258"]
[BlackElo "2182"]
[WhiteFideId "14191059"]
[BlackFideId "24176710"]
[EventDate "2025.07.01"]

1. Nc3 Nf6 2. e4 d5 3. exd5 Nxd5 4. Bc4 e6 5. Nf3 Nc6 6. O-O Be7 7. Re1 O-O 8.
d4 h6 9. Ne4 a6 10. c3 b5 11. Bd3 Bb7 12. Ng3 Nf6 13. Bf4 Bd6 14. Ne5 Nd5 15.
Bd2 Qh4 16. Re4 Qe7 17. Nxc6 Bxc6 18. Rg4 f5 19. Rg6 Be8 20. Qh5 Nf6 21. Qxh6
Bxg6 22. Qxg6 Qf7 23. Qg5 Rae8 24. Re1 Ng4 25. h3 Nf6 26. Bf4 Nd5 27. Be5 Bxe5
28. Rxe5 c6 29. Nh5 g6 30. Nf4 Qf6 31. Qxg6+ Qg7 32. Qxg7+ Kxg7 33. Nxe6+ Rxe6
34. Rxe6 Nf4 35. Re3 Kf6 36. h4 Rd8 37. g3 Nd5 38. Re5 Ne7 39. Kf1 b4 40. f4
bxc3 41. bxc3 Rb8 42. Kf2 Rb2+ 43. Re2 Rb8 44. Bxa6 Nd5 45. Rc2 Ke7 46. Bc4 Nf6
47. Re2+ Ne4+ 48. Kg2 Kf6 49. Bd3 Nxc3 50. Re5 Rb2+ 51. Kh3 Rd2 52. Rxf5+ Ke6
53. Re5+ Kd6 54. Bf5 Nd1 55. h5 Nf2+ 56. Kh4 Rd1 57. Kg5 Nh1 58. g4 Nf2 59. h6
Nh3+ 60. Kf6 Nxf4 61. h7 Rh1 62. Re8 Nd5+ 63. Kg7 Nc7 64. Rd8+ Ke7 65. Rd7+ Ke8
66. Rxc7 Kd8 67. Rd7+ Ke8 68. h8=Q+ Rxh8 69. Kxh8 c5 70. dxc5 Kf8 71. c6 Ke8 72.
c7 Kf8 73. c8=Q# 1-0

[Event "Titled Tue 1st Jul Early"]
[Site "chess.com INT"]
[Date "2025.07.01"]
[Round "2"]
[White "Boyer, Mahel"]
[Black "Palu, Andres"]
[Result "1-0"]
[WhiteTitle "GM"]
[BlackTitle "FM"]
[WhiteElo "2542"]
[BlackElo "2095"]
[WhiteFideId "45102422"]
[BlackFideId "119288"]
[EventDate "2025.07.01"]

1. Nf3 Nf6 2. g3 g6 3. b3 Bg7 4. Bb2 O-O 5. Bg2 d5 6. c4 dxc4 7. bxc4 c6 8. O-O
Qa5 9. d3 Qh5 10. Nbd2 Na6 11. Rb1 Nc7 12. Be5 Ne6 13. Qc2 Ng5 14. Nxg5 Ng4 15.
h4 Nxe5 16. d4 Ng4 17. d5 cxd5 18. cxd5 h6 19. Nge4 g5 20. Nf3 gxh4 21. Nxh4 Rd8
22. Rfd1 Nf6 23. d6 exd6 24. Nxd6 Be6 25. Rxb7 Nd5 26. Ndf5 Rac8 27. Qe4 Nf6 28.
Rxd8+ Rxd8 29. Qb1 Bxf5 30. Nxf5 Qxe2 31. Ne3 Rd2 32. Qf1 Qxf1+ 33. Kxf1 Rxa2
34. Rb8+ Kh7 35. Bh3 h5 36. Bf5+ Kh6 37. Bb1 Ra1 38. Nf5+ Kg5 39. Nxg7 Ne4 40.
Kg2 Nc3 41. Bd3 Rd1 42. Ba6 Ra1 43. Bc4 Ra4 44. Bb3 Ra3 45. Bxf7 Ne4 46. Bd5 Nf6
47. Ne6+ Kf5 48. Nf4 a5 49. Bf3 Ra2 50. Rb5+ Nd5 51. Rxd5+ Kf6 52. Nxh5+ Ke6 53.
Nf4+ Kf6 54. g4 a4 55. g5+ Kg7 56. Rd7+ Kg8 57. Bd5+ Kf8 58. g6 Ke8 59. Be6 a3
60. g7 Rxf2+ 61. Kg3 a2 62. g8=Q# 1-0

[Event "Titled Tue 1st Jul Early"]
[Site "chess.com INT"]
[Date "2025.07.01"]
[Round "2"]
[White "Mecit, Emre"]
[Black "Di Nicolantonio, Lucas"]
[Result "1/2-1/2"]
[BlackTitle "IM"]
[WhiteElo "2007"]
[BlackElo "2410"]
[WhiteFideId "6304214"]
[BlackFideId "680460"]
[EventDate "2025.07.01"]

1. e4 e5 2. Nf3 Nc6 3. Bb5 a6 4. Ba4 Nf6 5. O-O d6 6. c3 Be7 7. Re1 O-O 8. h3
Re8 9. d4 exd4 10. cxd4 Bf8 11. Nc3 Bd7 12. Bg5 h6 13. Bf4 b5 14. Bc2 Ne7 15. e5
Nfd5 16. Bd2 Nxc3 17. Bxc3 Nd5 18. Qd3 g6 19. Bb3 Bf5 20. Qd2 Nxc3 21. Qxc3 Bg7
22. Rac1 Rc8 23. Qc6 Qd7 24. Qxa6 c5 25. Qxd6 cxd4 26. Qxd7 Bxd7 27. Nxd4 Rxc1
28. Rxc1 Bxe5 29. Nf3 Bxb2 30. Rc7 Rd8 31. g4 Ba3 32. Ne5 Be6 33. Bxe6 fxe6 34.
Nxg6 Rd2 35. Rc8+ Kf7 36. Ne5+ Kf6 37. f4 Ke7 38. Rc7+ Kd8 39. Rb7 Bc5+ 40. Kf1
b4 41. Rb5 Bd4 42. Rxb4 Rf2+ 43. Ke1 Be3 44. Re4 Ba7 45. Nd3 Rxa2 46. Rxe6 Ra3
47. Ne5 Rxh3 48. f5 Bd4 49. f6 Bxe5 50. Rxe5 Rf3 51. Re6 Kd7 52. Re7+ Kd6 53.
Rh7 Rxf6 54. Ke2 Ke5 55. Ke3 Rg6 56. Kf3 Kf6 57. Ra7 Kg5 58. Kg3 Rb6 59. Ra5+
Kg6 60. Kh4 Rc6 61. Rb5 Rd6 62. Ra5 Rc6 63. Rb5 Ra6 64. Rc5 Rd6 65. Ra5 Rf6 66.
Rb5 Re6 67. Ra5 Rf6 68. Rb5 Re6 69. Ra5 Rf6 1/2-1/2

[Event "Titled Tue 1st Jul Early"]
[Site "chess.com INT"]
[Date "2025.07.01"]
[Round "2"]
[White "Villa Tornero, Alex"]
[Black "Bestard Borras, Miguel"]
[Result "1/2-1/2"]
[WhiteTitle "FM"]
[BlackTitle "CM"]
[WhiteElo "2282"]
[BlackElo "2116"]
[WhiteFideId "54501091"]
[BlackFideId "2221888"]
[EventDate "2025.07.01"]

1. e4 d6 2. d4 Nf6 3. Nc3 e5 4. Nf3 exd4 5. Nxd4 Be7 6. Bf4 O-O 7. Qd2 d5 8.
O-O-O Nxe4 9. Nxe4 dxe4 10. Nb5 Qxd2+ 11. Rxd2 Na6 12. Bc4 c6 13. Nd6 Nc5 14.
Be3 Ne6 15. Rhd1 Rd8 16. Nxe4 Rxd2 17. Rxd2 Nf8 18. Nd6 Bxd6 19. Rxd6 Be6 20.
Bxe6 fxe6 21. Rd4 Kf7 22. Ra4 a6 23. Rb4 b5 24. Rf4+ Ke8 25. a4 Rd8 26. axb5
axb5 27. c3 Rd5 28. Re4 Kd7 29. Bd4 g6 30. Be3 Ke7 31. Kc2 Nd7 32. Rh4 h5 33.
Re4 Re5 34. Rb4 Nf6 35. Bd4 Rf5 36. Bxf6+ Kxf6 37. f3 g5 38. Rd4 Rd5 39. Re4 Kf5
40. h3 h4 41. b3 e5 42. c4 bxc4 43. Rxc4 c5 44. Kc3 Ke6 45. Ra4 Rd1 46. Ra2 Kd5
47. Ra8 Rg1 48. Rd8+ Ke6 49. Rd2 Rc1+ 50. Kd3 Kf5 51. Ke3 Rc3+ 52. Rd3 Rxd3+ 53.
Kxd3 Kf4 54. Ke2 e4 55. Kf2 exf3 56. gxf3 Ke5 57. Ke3 Kf5 58. Ke2 Kf4 59. Kf2
Ke5 60. Ke3 Kf5 61. Ke2 Kf4 62. Kf2 1/2-1/2

[Event "Titled Tue 1st Jul Early"]
[Site "chess.com INT"]
[Date "2025.07.01"]
[Round "2"]
[White "Dahal, Sushrut"]
[Black "Niraj, Saripalli"]
[Result "0-1"]
[WhiteTitle "CM"]
[BlackTitle "CM"]
[WhiteElo "2041"]
[BlackElo "2115"]
[WhiteFideId "12303275"]
[BlackFideId "5045657"]
[EventDate "2025.07.01"]

1. d4 e6 2. Nc3 f5 3. e4 fxe4 4. Nxe4 Nf6 5. Bg5 Be7 6. Bxf6 Bxf6 7. Nf3 b6 8.
Bd3 Bb7 9. Qe2 Nc6 10. c3 Qe7 11. O-O-O O-O-O 12. h4 Kb8 13. Rde1 Rdf8 14. Nfg5
h6 15. Nf3 Qf7 16. Kb1 Be7 17. h5 Qf4 18. Ng3 Na5 19. Be4 Bxe4+ 20. Nxe4 Nc6 21.
Qd3 Qf5 22. Kc2 Kb7 23. a4 Qa5 24. Qb5 Qxb5 25. axb5 Nd8 26. Ne5 d5 27. Ng3
Rxf2+ 28. Re2 Rhf8 29. Ng6 Rxe2+ 30. Nxe2 Rf2 31. Kd3 Bg5 32. g3 Nf7 33. Re1 Nd6
34. Ne5 Ne4 35. c4 Rg2 36. cxd5 exd5 37. Rf1 Nxg3 38. Nxg3 Rxg3+ 39. Kc2 Rg2+
40. Kb3 Be3 41. Rf8 a6 42. Nc6 axb5 43. Nd8+ Ka6 44. Ne6 Rg3 45. Nxc7+ Kb7 46.
Nxb5 Bxd4+ 47. Ka2 Bc5 48. Rf7+ Kc6 49. Nc3 d4 50. Ne4 Rg2 51. Rf5 d3 52. Kb3 d2
53. Kc2 Be3 54. Rf1 Kd5 55. Nc3+ Kd4 56. Kd1 Kc4 57. Rf3 Kd3 58. Nd5 Rg1+ 0-1

[Event "Titled Tue 1st Jul Early"]
[Site "chess.com INT"]
[Date "2025.07.01"]
[Round "2"]
[White "Ahn, Hongjin"]
[Black "Durarbayli, Vasif"]
[Result "0-1"]
[WhiteTitle "IM"]
[BlackTitle "GM"]
[WhiteElo "2304"]
[BlackElo "2612"]
[WhiteFideId "13201492"]
[BlackFideId "13402935"]
[EventDate "2025.07.01"]

1. e4 c6 2. Nf3 d5 3. exd5 cxd5 4. d4 a6 5. Ne5 g6 6. c3 Bg7 7. Bd3 f6 8. Nf3
Nc6 9. O-O e5 10. Re1 e4 11. c4 f5 12. cxd5 Nce7 13. Bf4 Nxd5 14. Be5 Ngf6 15.
Bc4 b5 16. Bb3 O-O 17. Nc3 Bb7 18. Ng5 Re8 19. f3 exf3 20. Qxf3 h6 21. Bxf6 Qxf6
22. Bxd5+ Bxd5 23. Qxd5+ Kh8 24. Nf3 b4 25. Na4 Rad8 26. Qb3 Re4 27. Rad1 g5 28.
Nc5 Rxe1+ 29. Rxe1 g4 30. Ne5 Rxd4 31. Ncd7 Rxd7 32. Nxd7 Qd4+ 33. Qe3 Qxe3+ 34.
Rxe3 Bd4 35. Kf2 f4 36. Ke2 fxe3 37. Nb8 a5 38. b3 Kg7 39. Nc6 Bb6 40. Ne5 h5
41. Nc4 Bc7 42. Nxe3 Bxh2 43. g3 Bxg3 44. Nf5+ Kf6 45. Nxg3 h4 46. Ne4+ Ke5 47.
Nc5 h3 48. Kf2 Kf4 49. Ne6+ Ke4 50. Kg3 Kd3 51. Nc5+ Kc2 52. Nb7 Kb2 53. Nxa5
Kxa2 54. Kh2 Kb2 55. Kg3 Kc3 56. Kh2 Kc2 57. Kg3 Kd3 58. Kh2 Ke2 59. Kg3 Kf1 60.
Nc4 Kg1 61. Nd2 h2 0-1

[Event "Titled Tue 1st Jul Early"]
[Site "chess.com INT"]
[Date "2025.07.01"]
[Round "2"]
[White "Iskusnyh, Sergei"]
[Black "Lazaro Azcutia, Miguel"]
[Result "1-0"]
[WhiteTitle "GM"]
[BlackTitle "CM"]
[WhiteElo "2440"]
[BlackElo "2275"]
[WhiteFideId "4120027"]
[BlackFideId "54538254"]
[EventDate "2025.07.01"]

1. d4 Nf6 2. c4 e6 3. g3 c5 4. Nf3 cxd4 5. Nxd4 a6 6. Bg2 Qc7 7. Nd2 Be7 8. O-O
O-O 9. b3 d6 10. Bb2 Bd7 11. Rc1 Nc6 12. N2f3 Rac8 13. Qc2 Rfd8 14. Rfd1 Be8 15.
Qb1 Qb8 16. Ng5 g6 17. Ngf3 e5 18. Nc2 b5 19. Ne3 Rc7 20. Ng5 Rdc8 21. Ne4 Nxe4
22. Bxe4 bxc4 23. Rxc4 Nb4 24. Rxc7 Qxc7 25. a3 d5 26. Nxd5 Nxd5 27. Bxd5 Qc2
28. Bc4 Qxb1 29. Rxb1 Bf6 30. Rd1 Bb5 31. Rd6 Bxc4 32. bxc4 Kg7 33. f4 Rxc4 34.
fxe5 Be7 35. Rxa6 Rc2 36. Bd4 Rxe2 37. Ra7 Kf8 38. Ra8+ Kg7 39. e6+ f6 40. Ra7
Rxe6 41. Bc5 Kf7 42. Kf2 Re5 43. Bb4 Ke8 44. Rxe7+ Rxe7 45. Bxe7 Kxe7 46. g4 Kd6
47. Ke3 Kc5 48. Ke4 Kc4 49. h4 h6 50. a4 Kc5 51. a5 Kb5 52. Kd5 Kxa5 53. Ke6 f5
54. gxf5 gxf5 55. Kxf5 Kb5 56. Kg6 Kc6 57. Kxh6 Kd6 58. Kg7 Ke7 59. h5 1-0

[Event "Titled Tue 1st Jul Early"]
[Site "chess.com INT"]
[Date "2025.07.01"]
[Round "2"]
[White "Goldin, Roman"]
[Black "Grebeniuk, Semen"]
[Result "0-1"]
[WhiteTitle "FM"]
[WhiteElo "2284"]
[BlackElo "2324"]
[WhiteFideId "2803860"]
[BlackFideId "14117509"]
[EventDate "2025.07.01"]

1. Nf3 f5 2. g3 Nf6 3. Bg2 d6 4. d4 g6 5. O-O Bg7 6. c4 O-O 7. Nc3 Qe8 8. Qc2
Nc6 9. d5 Na5 10. Nb5 Qd8 11. Bd2 b6 12. b4 Nb7 13. Nbd4 Bd7 14. Ng5 Qc8 15.
Nge6 Rf7 16. Bc3 Bh8 17. Ng5 Rf8 18. Nde6 Re8 19. Nd4 Nd8 20. b5 Nb7 21. e4 fxe4
22. Nxe4 Nc5 23. Nxc5 bxc5 24. Ne6 Bxe6 25. dxe6 Rb8 26. Rae1 a6 27. a4 axb5 28.
axb5 Rf8 29. Qb2 Bg7 30. Bc6 Nh5 31. f4 Bxc3 32. Qxc3 Rf6 33. Qe3 Qf8 34. Rf2
Ng7 35. g4 Kh8 36. Bd5 Ne8 37. h3 Qg7 38. Kg2 Rf8 39. Kh2 Nf6 40. f5 g5 41. Bc6
h5 42. gxh5 Nxh5 43. Rg1 Rg8 44. Rg4 Nf6 45. Rg3 Qh6 46. Rfg2 Nh7 47. Rg4 Rg7
48. Kg1 Rbg8 49. h4 Qf6 50. hxg5 Rxg5 51. Rxg5 Rxg5 52. Rxg5 Nxg5 53. Qf4 Kg7
54. Kg2 Qb2+ 55. Kg3 Qf6 56. Kg4 Nh7 57. Qg3 Qg5+ 58. Kf3 Qxg3+ 59. Kxg3 Kf6 60.
Kg4 Ng5 61. Bd5 Nh7 62. Bc6 Kg7 63. Bd5 Nf6+ 64. Kg5 Ne8 65. Bc6 Nf6 66. Kf4 Kh6
67. Ke3 Kg5 68. Kd3 Kxf5 69. Kc3 Kxe6 0-1

[Event "Titled Tue 1st Jul Early"]
[Site "chess.com INT"]
[Date "2025.07.01"]
[Round "2"]
[White "Jaiveer, Mahendru"]
[Black "Brozynski, Patryk"]
[Result "1-0"]
[WhiteTitle "FM"]
[BlackTitle "CM"]
[WhiteElo "2217"]
[BlackElo "2192"]
[WhiteFideId "25611151"]
[BlackFideId "2512700"]
[EventDate "2025.07.01"]

1. d4 d5 2. e3 Nf6 3. c4 c6 4. Nc3 e6 5. Bd2 Bd6 6. Rc1 O-O 7. Nf3 Nbd7 8. Bd3
dxc4 9. Bxc4 e5 10. O-O exd4 11. exd4 Nb6 12. Bd3 Bg4 13. h3 Bh5 14. Be2 Nbd5
15. Bg5 Be7 16. Ne5 Bxe2 17. Qxe2 h6 18. Bh4 Re8 19. Rfe1 Qb6 20. Qd2 Rad8 21.
Nf3 Qc7 22. Bg3 Qa5 23. Ne5 Nh5 24. Qd3 Bg5 25. Rcd1 Nxg3 26. Qxg3 Bf4 27. Qf3
Nxc3 28. Qxf4 Nxd1 29. Qxf7+ Kh8 30. Ng6+ Kh7 31. Rxe8 Rxe8 32. Qxe8 Qf5 33.
Nf8+ Kh8 34. Nd7+ Kh7 35. f3 Nxb2 36. Nf8+ Kh8 37. Ne6+ Kh7 38. Qe7 Qf6 39. Qxb7
Qxe6 40. Qxb2 Qd5 41. Kh2 Qd6+ 42. Kg1 Qd5 43. Qc2+ Kh8 44. Qd2 a5 45. Kf2 Qc4
46. h4 a4 47. a3 Qb3 48. Qe3 Qc2+ 49. Kg3 Qg6+ 50. Kh2 Qc2 51. Qe8+ Kh7 52. Qe4+
Qxe4 53. fxe4 Kg6 54. Kg3 Kf6 55. Kf4 Ke6 56. Ke3 Kd6 57. Kd3 c5 58. Kc4 cxd4
59. Kxd4 g5 60. hxg5 hxg5 61. g4 Ke6 62. e5 Ke7 63. Kd5 Kd8 64. Ke6 Ke8 65. Kf6
Kd7 66. Kxg5 Ke6 67. Kf4 1-0